| 000 | 00769nam a2200217 i 4500 | ||
|---|---|---|---|
| 001 | 131880 | ||
| 003 | ES-MaACL | ||
| 005 | 20240510214020.0 | ||
| 007 | t| | ||
| 008 | 070214s1958 sp |||| | spa d | ||
| 100 | 1 |
_aRodríguez-Moñino y Rodríguez, Rafael. _998683 |
|
| 245 | 1 | 3 |
_aLa hacienda local _b: consideración especial sobre el Ayuntamiento de Valencia / _cRafael Rodríguez-Moñino y Rodríguez. |
| 260 |
_aValencia : _bAteneo Mercantil, _c1958. |
||
| 300 |
_a39 p. ; _c18 cm. |
||
| 650 | 0 | 4 |
_aHacienda municipal- _zEspaña. _9148346 |
| 650 | 7 |
_aHacienda pública- _zComunidad Valenciana _2 _9151819 |
|
| 710 | 2 |
_aAteneo Mercantil (Valencia) _92050 |
|
| 852 |
_aES-MaACL _j1998-F-17 |
||
| 852 |
_aES-MaACL _j2054-F-7 |
||
| 999 |
_c131880 _d131880 |
||